Teorie automatického řízení 1

Saved in:
Bibliographic Details
Main Author: Vavřín, Petr
Corporate Author: Vysoké učení technické v Brně
Format: Book
Language:Czech
Published: Praha Státní nakladatelství technické literatury 1987
Edition:1. vyd.
Tags: Add Tag
No Tags, Be the first to tag this record!

MARC

LEADER 00000nam a2200000 4500
001 c034215
005 20221219103528.9
041 0 |a cze 
044 |a CZ 
245 1 0 |a Teorie automatického řízení 1  |c Petr Vavřín 
250 |a 1. vyd. 
264 1 |a Praha  |b Státní nakladatelství technické literatury  |c 1987 
300 |a 214 s. 
100 1 |a Vavřín, Petr 
710 2 |a Vysoké učení technické v Brně